Sports Quiz

Random Sports or Football Quiz

NFL Super Bowl XLVI (Giants vs. Patriots) Quiz Stats

 Plays Quiz Updated Mar 6, 2012

Challenge
Share
Tweet
Embed
Score 0/32 Timer 07:00
2 Plays Today
Answer % Correct
New York
97.7%
Eli Manning
94.6%
New England
92.8%
Tom Brady
92.2%
Four
90%
Super Bowl XLII (2008)
89.9%
Super Bowl XLII (2008)
89.9%
Philadelphia Eagles, Washington Redskins, Dallas Cowboys
89.5%
New York Jets, Miami Dolphins, Buffalo Bills
89%
Super Bowl 46
87.4%
NFC East
87.3%
Sunday
87.3%
National Football League
86.9%
NBC
85.4%
AFC East
84.9%
Indiana
81.3%
Answer % Correct
Vince Lombardi Trophy
81.1%
Tom Coughlin
79.6%
Ahmad Bradshaw
77%
February 5th, 2012
71.4%
Madonna
71.2%
MetLife Stadium
70.6%
Gillette Stadium
66%
BenJarvus Green-Ellis
64.3%
Robert Kraft
63.5%
Bill Belichick
61.7%
Lucas Oil Stadium
60.8%
Twenty-four
57.4%
Los Angeles, California
52.5%
John K. Mara, Esq.
39.3%
Harry Carson (2006)
10.3%
Andre Tippett (2008)
6.6%

You're not logged in!

Compare scores with friends on all Sporcle quizzes.
Join for Free
OR
Log In

You Might Also Like...

Show Comments

Extras

Top Quizzes Today


Score Distribution

Your Account Isn't Verified!

In order to create a playlist on Sporcle, you need to verify the email address you used during registration. Go to your Sporcle Settings to finish the process.

Report this User

Report this user for behavior that violates our Community Guidelines.

Details: